The Mug̲h̲ul Indian court and its institutions / (Record no. 22523)

MARC details
000 -LEADER
fixed length control field 01158cam a2200313 a 4500
001 - CONTROL NUMBER
control field 14115664
003 - CONTROL NUMBER IDENTIFIER
control field BDDh-ASL
005 - DATE AND TIME OF LATEST TRANSACTION
control field 20231015030135.0
008 - FIXED-LENGTH DATA ELEMENTS--GENERAL INFORMATION
fixed length control field 050921r19721942ii b 001 0 eng
010 ## - LIBRARY OF CONGRESS CONTROL NUMBER
LC control number 2005470182
040 ## - CATALOGING SOURCE
Original cataloging agency DLC
Transcribing agency DLC
Modifying agency DLC
-- BDDh-ASL
050 00 - LIBRARY OF CONGRESS CALL NUMBER
Classification number DS461
Item number .A95 1972
082 ## - DEWEY DECIMAL CLASSIFICATION NUMBER
Classification number 954.02
Item number AZM
100 1# - MAIN ENTRY--PERSONAL NAME
Personal name Aziz, Abdul,
Dates associated with a name 1884-1970.
245 14 - TITLE STATEMENT
Title The Mug̲h̲ul Indian court and its institutions /
Statement of responsibility, etc. by Abdul Aziz.
260 ## - PUBLICATION, DISTRIBUTION, ETC.
Place of publication, distribution, etc. Delhi :
Name of publisher, distributor, etc. Idarah-i Adabiyāt-i Delli,
Date of publication, distribution, etc. 1972.
300 ## - PHYSICAL DESCRIPTION
Extent 242 p. ;
Dimensions 22 cm.
500 ## - GENERAL NOTE
General note Description based on: v. 2.
500 ## - GENERAL NOTE
General note Reprint. Originally published: Lahore : A. Aziz, 1942-<1946>
504 ## - BIBLIOGRAPHY, ETC. NOTE
Bibliography, etc. note Includes bibliographical references and index.
505 1# - FORMATTED CONTENTS NOTE
Formatted contents note 1. The mansabdārī system and the Mug̲h̲ul army -- 2. The imperial treasury of the Indian Mug̲h̲uls
650 #0 - SUBJECT ADDED ENTRY--TOPICAL TERM
Topical term or geographic name entry element Nobility
Geographic subdivision Mogul Empire.
651 #0 - SUBJECT ADDED ENTRY--GEOGRAPHIC NAME
Geographic name Mogul Empire
General subdivision History.
651 #0 - SUBJECT ADDED ENTRY--GEOGRAPHIC NAME
Geographic name Mogul Empire
General subdivision Politics and government.
651 #0 - SUBJECT ADDED ENTRY--GEOGRAPHIC NAME
Geographic name Mogul Empire
General subdivision Court and courtiers.
906 ## - LOCAL DATA ELEMENT F, LDF (RLIN)
a 7
b cbc
c orignew
d 3
e ncip
f 20
g y-gencatlg
942 ## - ADDED ENTRY ELEMENTS (KOHA)
Source of classification or shelving scheme Dewey Decimal Classification
Koha item type Books
Holdings
Withdrawn status Lost status Source of classification or shelving scheme Damaged status Not for loan Collection code Home library Current library Shelving location Date acquired Source of acquisition Total Checkouts Full call number Barcode Date last seen Copy number Price effective from Koha item type Public note
    Dewey Decimal Classification Damaged   Non-fiction Asiatic Society Library Asiatic Society Library General Stacks 03/01/2021 ASB Library Collections   954.02 AZM 106799 03/01/2021 C-1 03/01/2021 Books RARE

Powered by Koha